La Fuerza del basket ! / Epi [Epifanio Sanmartin], Brabender, Flores, Corbalan
Descripción Física:
143 p. : il. ; 21'5 cm
Colección:
Deporte y Sociedad
Materias:
Basquetbol
MARC
| LEADER | 00000nam a2200000Ia 4500 | ||
|---|---|---|---|
| 001 | 1870 | ||
| 008 | 160829s1984 xx 000 0 cat d | ||
| 080 | |a P-1-31 | ||
| 245 | |a La Fuerza del basket ! / Epi [Epifanio Sanmartin], Brabender, Flores, Corbalan | ||
| 260 | |a Madrid : |b Campo Editorial, |c 1984 | ||
| 300 | |a 143 p. : |b il. ; |c 21'5 cm | ||
| 490 | |a Deporte y Sociedad | ||
| 590 | |a Amb el suport del Servei d'Esports i Joventut de la Diputació de Barcelona. | ||
| 650 | |a Basquetbol |9 21920 | ||
| 710 | 1 | |a Barcelona (Catalunya : Província). |b Servei d'Esports i Joventut |9 53771 | |
| 901 | |a Arxiu | ||
| 942 | |n 1 | ||
| 952 | |0 0 |1 0 |4 0 |6 P131 |7 1 |9 41936 |a Arxiu |b Arxiu |d 2016-12-01 |l 0 |o P-1-31 |p 1870 |r 2016-12-01 00:00:00 |w 2016-12-01 |y ARXIU | ||
| 999 | |c 44383 |d 44383 | ||